Normal view
MARC view
Entry Personal Name
001 - CONTROL NUMBER
- control field: 34003
003 - CONTROL NUMBER IDENTIFIER
- control field: dpl
005 - DATE AND TIME OF LATEST TRANSACTION
- control field: 20110830152839.0
008 - FIXED-LENGTH DATA ELEMENTS
- fixed length control field: 110830|||a|||||| | ||| d
040 ## - CATALOGING SOURCE
- Original cataloging agency: dpl
- Transcribing agency: dpl
100 ## - HEADING--PERSONAL NAME
- Personal name: गर्ग, भंवरलाल
670 ## - SOURCE DATA FOUND
- Source citation: Work cat.: (dpl): गर्ग, भंवरलाल, पर्यावरण संसाधन तथा संरक्षण /, 2008
670 ## - SOURCE DATA FOUND
- Source citation: Work cat.: (dpl): गर्ग, भंवरलाल, पर्यावरण संसाधन तथा संरक्षण /, 2008
